Hommes et structures du Moyen Age / (Record no. 57874)

MARC details
000 -LEADER
campo de control de longitud fija 00587nam a2200205 i 4500
001 - NÚMERO DE CONTROL
campo de control 57874
003 - IDENTIFICADOR DE NÚMERO DE CONTROL
campo de control ES-MaACL
005 - FECHA Y HORA DE LA ÚLTIMA TRANSACCIÓN
campo de control 20230906163653.0
007 - CAMPO FIJO DE DESCRIPCIÓN FÍSICA--INFORMACIÓN GENERAL
campo de control de longitud fija t|
008 - DATOS DE LONGITUD FIJA--INFORMACIÓN GENERAL
campo de control de longitud fija 031020s1973 fr ||||1| fre d
080 ## - NÚMERO DE LA CLASIFICACIÓN DECIMAL UNIVERSAL
Número de la Clasificación Decimal Universal 308(44)"07/13"
080 ## - NÚMERO DE LA CLASIFICACIÓN DECIMAL UNIVERSAL
Número de la Clasificación Decimal Universal 944"07/13"
100 1# - ENTRADA PRINCIPAL--NOMBRE DE PERSONA
Nombre de persona Duby, Georges.
9 (RLIN) 45797
245 10 - MENCIÓN DEL TÍTULO
Título Hommes et structures du Moyen Age /
Mención de responsabilidad, etc. Georges Duby.
260 ## - PUBLICACIÓN, DISTRIBUCIÓN, ETC.
Lugar de publicación, distribución, etc. Paris :
Nombre del editor, distribuidor, etc. Mouton,
Fecha de publicación, distribución, etc. [1973]
300 ## - DESCRIPCIÓN FÍSICA
Extensión 424 p. ;
Dimensiones 22 cm.
651 #4 - PUNTO DE ACCESO ADICIONAL DE MATERIA--NOMBRE GEOGRÁFICO
Nombre geográfico Francia-
Subdivisión general Situación social-
Subdivisión cronológica S.V-XV.
9 (RLIN) 156504
651 #4 - PUNTO DE ACCESO ADICIONAL DE MATERIA--NOMBRE GEOGRÁFICO
Nombre geográfico Francia-
Subdivisión general Instituciones-
-- Historia.
9 (RLIN) 156505
852 ## - LOCALIZACIÓN
Ubicación ES-MaACL
Número de control de estantería A-9050
Holdings
Estatus retirado Estado de pérdida Estado de daño No para préstamo Biblioteca de origen Biblioteca actual Ubicación en estantería Fecha de adquisición Fuente de adquisición Total de préstamos Signatura topográfica completa Código de barras Visto por última vez Precio de reemplazo Tipo de ítem Koha
        Biblioteca del Ateneo de Madrid Biblioteca del Ateneo de Madrid Depósito 1 17/01/2008     A-9050 1060744 23/02/2023 23/02/2023 Libro impreso